| 000 | 01101nam a2200325 a 4500 | ||
|---|---|---|---|
| 001 | vtls000162803 | ||
| 003 | NLI | ||
| 005 | 20210602102937.0 | ||
| 008 | 101125s1967 ja a 001 0 eng | ||
| 039 | 9 |
_y201011251709 _zVLOAD |
|
| 040 | 0 |
_aNLI _beng _cEntertech-FY 2010 _eAACR2 |
|
| 041 | 0 | _aeng | |
| 044 | _aja | ||
| 082 | 0 | 4 | _a294.3 |
| 100 | 1 |
_aMasutani, Fumio, _d1902-1987 _9315563 |
|
| 245 | 1 | 2 |
_aA comparative study of Buddhism and Christianity / _cFumio Masutani |
| 250 | _a[3rd ed.] | ||
| 260 |
_aTokyo : _bBukkyo Dendo Kyokai, _cc1967 |
||
| 300 |
_aiv, 2, 184, 9 p. : _bill. ; _c22 cm. |
||
| 500 | _aIncludes index | ||
| 650 | 0 |
_aChristianity and other religions _xBuddhism _9187390 |
|
| 650 | 0 |
_aBuddha and Buddhism _xRelations _xChristianity _9314160 |
|
| 650 | 0 |
_aComparative, Philosophy _9315564 |
|
| 887 | _a | ||
| 901 |
_aEX1903 _b17.2.1979 |
||
| 902 | _aE 294.3 M 399 (1) | ||
| 942 |
_2ddc _cBKS |
||
| 949 |
_AVIRTUAITEM _D10000 _X100 _6EXX000001903ENG |
||
| 999 |
_aVIRTUA40 _c166375 _d166375 |
||
| 999 | _aVTLSSORT0080*0400*0410*0440*0820*1000*2450*2500*2600*3000*5000*6500*6501*6502*9010*9020*9490*9991 | ||